| 000 | 00491nam a2200169Ia 4500 | ||
|---|---|---|---|
| 999 |
_c11892 _d11892 |
||
| 003 | OSt | ||
| 005 | 20201028121032.0 | ||
| 008 | 190216s9999||||xx |||||||||||||| ||und|| | ||
| 040 | _coclc | ||
| 082 |
_a823.914 _bNAR/G |
||
| 100 |
_aNarayan, R K _94797 |
||
| 245 | 4 |
_aThe Guide / _cR K Narayan |
|
| 260 |
_bIndian Thought Publications, _c1966. _aMysore: |
||
| 300 | _a206p | ||
| 650 | _aEnglish Novel-English Novel | ||
| 942 |
_cBK _2ddc _h823.914 _iNAR/G _k823.914 _mNAR/G |
||